Delicias veganas : (Registro nro. 7513)
[ vista simple ]
| 000 -LEADER | |
|---|---|
| fixed length control field | 00803nam a22002297a 4500 |
| 003 - CONTROL NUMBER IDENTIFIER | |
| control field | OSt |
| 005 - DATE AND TIME OF LATEST TRANSACTION | |
| control field | 20210309165745.0 |
| 008 - FIXED-LENGTH DATA ELEMENTS--GENERAL INFORMATION | |
| fixed length control field | 210309s2016 ck ao||er|||| 00| 0 spa d |
| 020 ## - INTERNATIONAL STANDARD BOOK NUMBER | |
| International Standard Book Number | 9789585829497 |
| 040 ## - CATALOGING SOURCE | |
| Original cataloging agency | CO-JMCR |
| Transcribing agency | CO-JMCR |
| 041 0# - LANGUAGE CODE | |
| Language code of text/sound track or separate title | spa |
| 082 04 - DEWEY DECIMAL CLASSIFICATION NUMBER | |
| Classification number | 641.5636 / |
| Item number | D492d |
| Edition number | 23 |
| 100 1# - MAIN ENTRY--PERSONAL NAME | |
| Personal name | Devi Dasi, Kamala Manjary, |
| Relator term | autora |
| 9 (RLIN) | 14631 |
| 245 10 - TITLE STATEMENT | |
| Title | Delicias veganas : |
| Remainder of title | saludables, sustentables / |
| Statement of responsibility, etc. | recetas por, Kamala Manjary Devi Dasi |
| 260 ## - PUBLICATION, DISTRIBUTION, ETC. | |
| Place of publication, distribution, etc. | Bogotá : |
| Name of publisher, distributor, etc. | Seva, |
| Date of publication, distribution, etc. | 2016 |
| 300 ## - PHYSICAL DESCRIPTION | |
| Extent | 567 páginas : |
| Other physical details | ilustraciones y fotografías a color ; |
| Dimensions | 19 cm. |
| 650 14 - SUBJECT ADDED ENTRY--TOPICAL TERM | |
| Topical term or geographic name entry element | Cocina vegetariana |
| 9 (RLIN) | 14632 |
| 650 24 - SUBJECT ADDED ENTRY--TOPICAL TERM | |
| Topical term or geographic name entry element | Alimentos naturales |
| 9 (RLIN) | 14633 |
| 650 24 - SUBJECT ADDED ENTRY--TOPICAL TERM | |
| Topical term or geographic name entry element | Recetarios |
| 9 (RLIN) | 11282 |
| 700 ## - ADDED ENTRY--PERSONAL NAME | |
| Personal name | Das, Hari Sankirtan, revisorSecundaria personal:Vipralambha Devi Dasi, revisor |
| 9 (RLIN) | 14634 |
| 942 ## - ADDED ENTRY ELEMENTS (KOHA) | |
| Source of classification or shelving scheme | Dewey Decimal Classification |
| Koha item type | Books |
| Withdrawn status | Lost status | Source of classification or shelving scheme | Damaged status | Not for loan | Home library | Current library | Date acquired | Source of acquisition | Total Checkouts | Full call number | Barcode | Date last seen | Date last checked out | Copy number | Price effective from | Koha item type |
|---|---|---|---|---|---|---|---|---|---|---|---|---|---|---|---|---|
| Dewey Decimal Classification | Biblioteca Pública José María del Castillo y Rada | Biblioteca Pública José María del Castillo y Rada | 10/02/2020 | Donación | 2 | 641.5636 / D492d | 201810770 | 08/15/2025 | 08/14/2025 | Ej.1 | 03/09/2021 | Books |